[Event "Druzynowe Mistrzostwa Polski Juniorow 2018 - II Liga"]
[Site "Szczyrk"]
[Date "1899-12-30"]
[Round "5.14"]
[White "Tustanowski, Mateusz"]
[Black "Grzesik, Gracjan"]
[Result "1-0"]
[WhiteTitle "I++"]
[BlackTitle "I"]
[WhiteElo "2078"]
[BlackElo "1884"]

1. e4 c5 2. Nf3 d6 3. d4 cxd4 4. Nxd4 Nf6 5. Nc3 a6 6. Be2 e5 7. Nb3 Be6 8. f4
exf4 9. Bxf4 Be7 10. Qd2 Nc6 11. O-O-O Ne5 12. Nd4 Qc7 13. Nf5 Bxf5 14. exf5 b5
15. g4 b4 16. Nd5 Nxd5 17. Qxd5 O-O 18. g5 Rfc8 19. Qe4 f6 20. h4 a5 21. Rd4 a4
22. Rxb4 a3 23. Rh3 axb2+ 24. Rxb2 Qa5 25. Bd2 d5 26. Qg2 Qd8 27. Kb1 Ba3 28.
Rb5 Rcb8 29. Rhb3 Rxb5 30. Bxb5 Qd6 31. gxf6 Ra7 32. fxg7 Rxg7 33. Rg3 Rxg3 34.
Qxg3+ Kf7 35. f6 Kxf6 36. Bc3 d4 37. Qf4+ Ke7 38. Qxd4 Qxd4 39. Bxd4 Nf3 40. Be3
Kf6 41. Bd3 Nxh4 42. Bxh7 Nf5 43. Bf2 Ke6 44. c3 Ne7 45. Kc2 Kd6 46. Kb3 Bc5 47.
Bg3+ Kc6 48. Kc4 Bg1 49. Be4+ Kb6 50. Be5 Ka6 51. Kb4 Kb6 52. Bd4+ Bxd4 53. cxd4
Nc8 54. a4 Nd6 55. a5+ Kc7 56. Bf3 Nc8 57. Kc5 Nd6 58. a6 Nc8 59. d5 Na7 60. Bg4
Kd8 61. Kb6 Nc8+ 62. Bxc8 Kxc8 63. a7 1-0

[Event "Druzynowe Mistrzostwa Polski Juniorow 2018 - II Liga"]
[Site "Szczyrk"]
[Date "1899-12-30"]
[Round "5.15"]
[White "Majewski, Krzysztof"]
[Black "Pisarek, Elzbieta"]
[Result "1-0"]
[WhiteTitle "II+"]
[BlackTitle "I"]
[WhiteElo "1695"]
[BlackElo "1498"]

1. c4 e5 2. Nc3 Nf6 3. g3 d5 4. cxd5 Nxd5 5. Bg2 Nb6 6. d3 Nc6 7. Nf3 Be7 8. O-O
O-O 9. Ne1 f5 10. Nc2 Be6 11. f4 exf4 12. Bxf4 Bd6 13. Bxd6 Qxd6 14. Kh1 Rad8
15. Qc1 Nd5 16. Ne3 Nxe3 17. Qxe3 a6 18. Qf4 Qxf4 19. gxf4 Rd6 20. Kg1 b5 21.
Bxc6 Rxc6 22. a3 Rd6 23. Kf2 c5 24. Rac1 Rd4 25. Kg3 Rf6 26. Rfd1 Bd7 27. e3 Rg6+
28. Kf2 Rdd6 29. Ne2 Rh6 30. Kg1 Rde6 31. e4 Bc6 32. Ng3 fxe4 33. dxe4 Bxe4 34.
Rxc5 Bc6 35. f5 Rd6 36. Rxd6 Rxd6 37. Kf2 Kf7 38. Ke3 g6 39. Kf4 gxf5 40. Rxf5+
Rf6 41. Ke5 Rxf5+ 42. Nxf5 Bg2 43. b4 Ke8 44. Ng7+ Kf7 45. Ne6 Ke7 46. Nc5 Kf7
47. Nxa6 Bf1 48. Nc5 Kg6 49. Ne4 h5 50. h4 Be2 51. Nc5 Bf1 52. a4 bxa4 53. Nxa4
Bd3 54. Nc3 Bf5 55. b5 Bc8 56. b6 Kf7 57. Ne4 Ke7 58. Nd6 Ba6 59. b7 Bxb7 60.
Nxb7 Kf7 61. Nd6+ Kg6 62. Ne4 Kg7 63. Kf5 Kh6 64. Ng3 Kh7 65. Nxh5 Kh6 66. Nf4
Kg7 67. Kg5 Kh7 68. h5 Kg7 69. h6+ Kh7 70. Kh5 Kg8 71. Kg6 Kh8 72. Nd3 Kg8 73.
Ne5 Kh8 74. Nf7+ 1-0

[Event "Druzynowe Mistrzostwa Polski Juniorow 2018 - II Liga"]
[Site "Szczyrk"]
[Date "1899-12-30"]
[Round "5.16"]
[White "Pisarek, Jan"]
[Black "Wolaniecki, Patryk"]
[Result "1/2-1/2"]
[WhiteTitle "II"]
[BlackTitle "I"]
[WhiteElo "1339"]
[BlackElo "1713"]

1. e4 c5 2. Nf3 Nc6 3. Bb5 e6 4. O-O Nge7 5. Nc3 a6 6. Bxc6 Nxc6 7. d4 cxd4 8.
Nxd4 Be7 9. Nxc6 bxc6 10. e5 O-O 11. Ne4 f6 12. exf6 Bxf6 13. Nxf6+ Qxf6 14. f4
d5 15. c3 a5 16. Be3 e5 17. fxe5 Qxe5 18. Rxf8+ Kxf8 19. Qf3+ Kg8 20. Rf1 Qe8
21. Qg3 Ba6 22. Re1 Qf7 23. Bd4 Rf8 24. h3 Bb5 25. Qe5 h6 26. Bc5 Rc8 27. Qe6
Qxe6 28. Rxe6 Rc7 29. Re7 Rxe7 30. Bxe7 Kf7 31. Bd8 a4 32. Bb6 Ke6 33. Kf2 h5
34. h4 Kf5 35. Kf3 Bc4 36. a3 Bb3 37. g3 g6 38. Ke3 Bc4 39. Bc7 Ke6 40. Kd4 Kd7
41. Bf4 Kc8 42. Kc5 Kb7 43. Kb4 Bb3 44. Kc5 Bc4 45. Kb4 Bb3 46. Kc5 Ba2 47. Kb4
Bb3 48. Kc5 Bc4 49. Kb4 Bb3 50. Kc5 Bc2 51. Be5 Bb3 52. Bf4 Bd1 53. Be5 Bc2 54.
Bf4 Bb3 55. Be5 Bc2 56. Bf4 Bd1 57. Be5 Bb3 1/2-1/2

[Event "Druzynowe Mistrzostwa Polski Juniorow 2018 - II Liga"]
[Site "Szczyrk"]
[Date "1899-12-30"]
[Round "5.17"]
[White "Trembowiecka-wysota, Aleksandra"]
[Black "Wojcik, Jagoda"]
[Result "1-0"]
[WhiteTitle "I"]
[BlackTitle "I++"]
[WhiteElo "1555"]
[BlackElo "1599"]

1. e4 e5 2. Nf3 Nc6 3. Bb5 Bc5 4. d3 Nge7 5. c3 O-O 6. O-O d5 7. exd5 Qxd5 8. Bc4
Qd6 9. Re1 Bf5 10. b4 Bb6 11. Ba3 Qf6 12. b5 Na5 13. Bxe7 Qxe7 14. Nxe5 Qf6 15.
d4 Rad8 16. Nd2 c5 17. bxc6 Nxc6 18. Ndf3 Bc7 19. Nxc6 bxc6 20. Qa4 a5 21. Bb3
Bh3 22. Ne5 Bxe5 23. dxe5 Qg6 24. Qe4 Bf5 25. Qe2 Rd3 26. Rac1 Rfd8 27. Rcd1 Be4
28. g3 Bf3 29. Rxd3 Rxd3 30. Qb2 Qh5 31. e6 fxe6 32. Bxe6+ Kf8 33. Qb8+ Qe8 34.
Qxe8+ Kxe8 35. Bc4+ 1-0

[Event "Druzynowe Mistrzostwa Polski Juniorow 2018 - II Liga"]
[Site "Szczyrk"]
[Date "1899-12-30"]
[Round "5.18"]
[White "Bialek, Alicja"]
[Black "Bienko, Jagoda"]
[Result "0-1"]
[WhiteTitle "I"]
[BlackTitle "I"]
[WhiteElo "1308"]
[BlackElo "1436"]

1. e4 c5 2. Nf3 d6 3. c3 Nf6 4. h3 Nc6 5. Bd3 e5 6. O-O Be6 7. Bc2 Be7 8. d4 cxd4
9. cxd4 Bc4 10. Re1 O-O 11. b3 Ba6 12. Bb2 Qc7 13. Nc3 Rac8 14. Rc1 Rfd8 15. Nd5
Qd7 16. dxe5 dxe5 17. Nxe5 Nxe5 18. Bxe5 Qe6 19. Bxf6 Bxf6 20. Nxf6+ Qxf6 21.
Qg4 Qb2 22. e5 Rxc2 23. e6 Rxf2 24. e7 Re8 25. Rc8 Bb5 26. Rd1 Qf6 27. Rdd8 Rf1+
28. Kh2 Qe5+ 29. Qg3 Qxe7 30. Rxe8+ Bxe8 31. Qc7 Qe1 32. Qb8 Rh1# 0-1

[Event "Druzynowe Mistrzostwa Polski Juniorow 2018 - II Liga"]
[Site "Szczyrk"]
[Date "1899-12-30"]
[Round "5.19"]
[White "Sloniewski, Michal"]
[Black "Hrymowicz, Artur"]
[Result "0-1"]
[WhiteTitle "I"]
[BlackTitle "I++"]
[WhiteElo "1806"]
[BlackElo "2123"]

1. e4 c5 2. Nf3 d6 3. d4 cxd4 4. Nxd4 Nf6 5. Nc3 e6 6. g3 Be7 7. Bg2 O-O 8. O-O
a6 9. Be3 Qc7 10. g4 Nc6 11. g5 Nd7 12. Kh1 Nde5 13. f4 Nc4 14. Bc1 Nxd4 15. Qxd4
f6 16. b3 Na5 17. Be3 fxg5 18. fxg5 Bd7 19. Ne2 Qxc2 20. Ng3 Qc5 21. Qd2 Qc7 22.
h4 Nc6 23. Nh5 Qa5 24. Qe2 Ne5 25. Bd4 Rxf1+ 26. Qxf1 Rf8 27. Qd1 g6 28. Nf6+
Bxf6 29. gxf6 Rxf6 30. b4 Qd8 31. Bxe5 dxe5 32. Qd6 Rf7 33. Qxe5 Qxh4+ 34. Kg1
Qf2+ 35. Kh1 Rf4 36. Qc3 Rh4+ 37. Bh3 e5 38. Qc4+ Kg7 39. Qf1 Rxh3+ 0-1

[Event "Druzynowe Mistrzostwa Polski Juniorow 2018 - II Liga"]
[Site "Szczyrk"]
[Date "1899-12-30"]
[Round "5.20"]
[White "Jordan, Adam"]
[Black "Zarebska, Lena"]
[Result "1-0"]
[WhiteTitle "I"]
[BlackTitle "I++"]
[WhiteElo "1830"]
[BlackElo "1817"]

1. d4 Nf6 2. Nf3 c5 3. e3 g6 4. c4 Bg7 5. Nc3 O-O 6. Bd3 cxd4 7. exd4 d6 8. O-O
Nbd7 9. Re1 Re8 10. Bg5 b6 11. Qd2 Bb7 12. d5 Nc5 13. Bc2 a5 14. a3 Qc8 15. Nd4
a4 16. Rac1 Qd7 17. Ndb5 Ng4 18. Qe2 Bf8 19. h3 Nf6 20. Nxa4 Nxa4 21. Bxa4 Rxa4
22. Bxf6 Raa8 23. Bd4 Ba6 24. a4 Bxb5 25. axb5 Bh6 26. Ra1 Rab8 27. Ra6 Qc7 28.
b3 Bg7 29. Bxg7 Kxg7 30. Rea1 Rb7 31. Qa2 e5 32. dxe6 fxe6 33. Qb2+ e5 34. Rd1
Rf8 35. Qd2 Qc5 36. Qe2 Rbf7 37. Qe3 Qb4 38. Ra2 Rb8 39. Ra4 Qc5 40. Qxc5 dxc5
41. f3 Rbb7 42. Ra6 Rf6 43. Rd5 Re6 44. Rxc5 Kf6 45. Rc6 Ke7 46. c5 Rxc6 47. bxc6
Rc7 48. Rxb6 Ke6 49. Rb7 Rxc6 50. Rb6 Kd5 51. Rxc6 Kxc6 52. b4 h5 53. Kf2 g5 54.
Ke3 1-0

[Event "Druzynowe Mistrzostwa Polski Juniorow 2018 - II Liga"]
[Site "Szczyrk"]
[Date "1899-12-30"]
[Round "5.21"]
[White "Libura, Julianna"]
[Black "Kozlowski, Michal"]
[Result "0-1"]
[WhiteTitle "I"]
[BlackTitle "I"]
[WhiteElo "1540"]
[BlackElo "1742"]

1. e4 c5 2. Nf3 Nc6 3. d4 cxd4 4. Nxd4 Nf6 5. Nc3 e5 6. Ndb5 d6 7. Bg5 a6 8. Na3
b5 9. Nd5 Be7 10. Bxf6 Bxf6 11. c3 Bg5 12. Nc2 O-O 13. a4 bxa4 14. Rxa4 a5 15.
Bc4 Be6 16. Nce3 Nb8 17. O-O Nd7 18. Ra1 Nc5 19. Qc2 Rb8 20. Rfe1 g6 21. Rad1
Kg7 22. Be2 Bxe3 23. Nxe3 Bb3 24. Qb1 Bxd1 25. Rxd1 Na4 26. Qa2 Rxb2 27. Qxa4
Rxe2 28. Qb5 Ra2 29. Qb3 Re2 30. Qb5 Rxe3 31. fxe3 Qc7 32. Qd3 Qc5 33. Kf2 f5
34. exf5 Rxf5+ 35. Ke2 Rf6 36. c4 a4 37. Qd5 Qb4 38. Qb5 Qa3 39. Qd7+ Rf7 40.
Qxd6 Qa2+ 41. Rd2 Qxc4+ 42. Qd3 Qxd3+ 43. Rxd3 Ra7 44. e4 a3 45. Rd1 a2 46. Ra1
Kf6 47. Kf2 Ke6 48. Ke2 Kd6 49. Kd2 Kc5 50. Kc3 Ra3+ 51. Kb2 Kb4 52. Kc2 Kc4 53.
Kd2 Kb3 0-1

[Event "Druzynowe Mistrzostwa Polski Juniorow 2018 - II Liga"]
[Site "Szczyrk"]
[Date "1899-12-30"]
[Round "5.22"]
[White "Strepikowski, Pawel"]
[Black "Kupis, Pawel"]
[Result "1-0"]
[WhiteTitle "II"]
[BlackTitle "II"]
[WhiteElo "1487"]
[BlackElo "1430"]

1. e4 c5 2. Nf3 e6 3. d4 cxd4 4. Nxd4 a6 5. Nc3 Qc7 6. Be3 Bb4 7. Qd2 Nf6 8. f3
d5 9. Bd3 dxe4 10. Bxe4 Nxe4 11. fxe4 O-O 12. O-O b5 13. Kh1 Bb7 14. Qf2 Nd7 15.
Nde2 Bc5 16. a3 Bxe3 17. Qxe3 Nf6 18. Ng3 Rac8 19. Rxf6 gxf6 20. Qh6 f5 21. Qg5+
Kh8 22. Qf6+ Kg8 23. Nh5 1-0

[Event "Druzynowe Mistrzostwa Polski Juniorow 2018 - II Liga"]
[Site "Szczyrk"]
[Date "1899-12-30"]
[Round "5.23"]
[White "Przepiora, Anna"]
[Black "Daliga, Anita"]
[Result "0-1"]
[WhiteTitle "I"]
[BlackTitle "I+"]
[WhiteElo "1593"]
[BlackElo "1605"]

1. e4 c6 2. d4 d5 3. Nc3 dxe4 4. Nxe4 Nd7 5. Bd3 Ngf6 6. Nxf6+ Nxf6 7. c3 g6 8.
Bf4 Nd5 9. Be5 f6 10. Bg3 Be6 11. Qc2 Qd7 12. Ne2 Bf5 13. Bxf5 Qxf5 14. Qb3 Qd7
15. h4 e6 16. h5 g5 17. O-O-O O-O-O 18. c4 Nc7 19. Qa4 Kb8 20. c5 f5 21. Be5 Bg7
22. Bxc7+ Qxc7 23. Rh3 b5 24. cxb6 axb6 25. Ra3 Qb7 26. Rdd3 Kc7 27. Qc4 Rhe8
28. Nc3 Ra8 29. Rxa8 Qxa8 30. Nb5+ Kd7 31. d5 exd5 32. Rxd5+ cxd5 33. Qc7+ Ke6
34. Qxg7 Qc6+ 35. Nc3 Re7 36. Qh6+ Kd7 37. Qxg5 Qe6 38. Qf4 Qe1+ 39. Kc2 Qe6 40.
Qd4 Kc8 41. Nxd5 Qe4+ 42. Qd3 Qe2+ 43. Kc3 Qxd3+ 44. Kxd3 Rd7 45. Kc4 Kb7 46.
f3 Rg7 47. Nf4 Rd7 48. Kc3 b5 49. Ne6 Kb6 50. Nd4 Rg7 51. Nxf5 Rxg2 52. f4 Rh2
53. Ng7 Rh4 54. f5 Kc6 55. b3 Kd7 56. Ne6 Rxh5 57. Nd4 Rh2 58. Nxb5 Rxa2 59. Nd4
h5 60. Nf3 Rf2 61. Nh4 Rf4 62. Ng2 Rxf5 63. Kd3 Rg5 64. Nf4 h4 65. Ke2 Rg3 66.
b4 h3 67. Kf2 h2 68. Kxg3 Qh1 69. b5 Kc7 70. Ne2 Kb6 71. Kf4 Kxb5 72. Ng3 Qh4+
73. Kf3 Kc4 74. Ne2 Kd3 75. Nf4+ Kd2 76. Ng2 Qh3+ 77. Kf2 Qf5+ 78. Kg3 Ke2 79.
Nf4+ Ke3 80. Ng2+ Ke4 81. Kh2 Qg5 82. Kh1 Kf3 83. Ne1+ Ke2 0-1

[Event "Druzynowe Mistrzostwa Polski Juniorow 2018 - II Liga"]
[Site "Szczyrk"]
[Date "1899-12-30"]
[Round "5.24"]
[White "Filipiak, Magdalena"]
[Black "Anyz, Monika"]
[Result "0-1"]
[WhiteTitle "I"]
[BlackTitle "I+"]
[WhiteElo "1231"]
[BlackElo "1423"]

1. e4 c5 2. c3 Nf6 3. e5 Nd5 4. d4 cxd4 5. cxd4 e6 6. Nf3 Nc6 7. Bc4 Nb6 8. Bb3
Be7 9. O-O O-O 10. Nc3 a6 11. Be3 Na5 12. Bc2 Nbc4 13. Qd3 g6 14. Bc1 b5 15. b3
Nb6 16. Qe4 Bb7 17. Qg4 Rc8 18. Be4 Rxc3 19. Bd2 Bxe4 20. Bxc3 Bf5 21. Qf4 Nd5
22. Qd2 b4 23. Bb2 Qb6 24. Rfc1 Kg7 25. Qe2 Nf4 26. Qe3 Nd3 27. Rc2 Qb5 28. h3
Nxe5 29. Rd2 Nxf3+ 30. Qxf3 Bg5 31. Rdd1 Bc2 32. Re1 Bd2 33. Re2 Qg5 34. d5+ f6
35. dxe6 dxe6 36. Bd4 e5 37. Bb2 Rd8 38. g3 Bf5 39. h4 Qg4 40. Qxg4 Bxg4 41. Re4
Bf3 42. Ree1 Bxe1 43. Rxe1 Rd1 44. Rxd1 Bxd1 45. Kf1 Bxb3 46. axb3 Nxb3 47. Ke2
a5 48. Kd3 Kf7 49. Kc4 Nd4 50. Kc5 Ke6 51. g4 b3 52. h5 Nc2 53. Kb5 Ne1 54. Kxa5
Nd3 55. Bc3 b2 56. Bxb2 Nxb2 57. Kb4 Nd3+ 0-1

[Event "Druzynowe Mistrzostwa Polski Juniorow 2018 - II Liga"]
[Site "Szczyrk"]
[Date "1899-12-30"]
[Round "5.25"]
[White "Pniaczek, Marek"]
[Black "Nowak, Mikolaj"]
[Result "1-0"]
[WhiteTitle "CM"]
[BlackTitle "I++"]
[WhiteElo "2082"]
[BlackElo "2015"]

1. e4 c6 2. Nc3 d5 3. Nf3 g6 4. d4 Bg7 5. h3 dxe4 6. Nxe4 Nd7 7. Bc4 Ngf6 8. Nxf6+
Nxf6 9. O-O O-O 10. Re1 b6 11. Qe2 e6 12. Bg5 Bb7 13. Ne5 h6 14. Nxf7 Qxd4 15.
c3 Qc5 16. Bxf6 Bxf6 17. Qxe6 Kg7 18. Nd6 Bc8 19. Nxc8 Raxc8 20. Rad1 Rc7 21.
Rd7+ Rxd7 22. Qxd7+ Kh8 23. Re8 Bg7 24. Rxf8+ Qxf8 25. Qxc6 Kh7 26. Bd3 Qf7 27.
h4 h5 28. g4 hxg4 29. h5 Qf6 30. hxg6+ Kh6 31. Qh1+ Kg5 32. Qd5+ Qe5 33. Qd8+
Qf6 34. Qd7 Qe5 35. Kg2 Kh4 36. Qd8+ Qf6 37. Qd5 Qf4 38. Qe4 Qxe4+ 39. Bxe4 Kg5
40. Kf1 Kf4 41. Bc2 a5 42. a4 Bf8 43. b4 Bg7 44. bxa5 bxa5 45. c4 Ke5 46. Kg2
Kd4 47. Bd3 Kc5 48. Kg3 Kb4 49. Kxg4 Kxa4 50. c5 1-0

[Event "Druzynowe Mistrzostwa Polski Juniorow 2018 - II Liga"]
[Site "Szczyrk"]
[Date "1899-12-30"]
[Round "5.26"]
[White "Leskiewicz, Ignacy"]
[Black "Musial, Tomasz"]
[Result "1/2-1/2"]
[WhiteTitle "I+"]
[BlackTitle "k"]
[WhiteElo "1856"]
[BlackElo "2029"]

1. e4 e6 2. d4 d5 3. Nd2 Be7 4. Bd3 c5 5. dxc5 Nf6 6. Ngf3 dxe4 7. Nxe4 Nxe4 8.
Bxe4 Qxd1+ 9. Kxd1 Bxc5 10. Ke2 Nd7 11. Rd1 Nf6 12. Bg5 h6 13. Bxf6 gxf6 14. c3
f5 15. Bc2 Ke7 16. a3 f6 17. b4 Bd6 18. c4 b6 19. Nd4 Bd7 20. g3 Rac8 21. Bb3
Be5 22. Ra2 Bxd4 23. Rxd4 e5 24. Rd3 Be6 25. Rad2 Rhd8 26. Rxd8 Rxd8 27. Rxd8
Kxd8 28. Kd3 Kc7 29. h4 Bc8 30. Kc3 Kd6 31. Bc2 Be6 32. Bd3 Bc8 33. Bf1 Be6 34.
Bg2 Bc8 35. Bd5 Bd7 36. Bf7 Ke7 37. Bd5 Kd6 38. Bg2 Bc8 39. Bf3 Bd7 40. Bg2 1/2-1/2

[Event "Druzynowe Mistrzostwa Polski Juniorow 2018 - II Liga"]
[Site "Szczyrk"]
[Date "1899-12-30"]
[Round "5.27"]
[White "Wilk, Igor"]
[Black "Klimkowski, Jan"]
[Result "0-1"]
[WhiteTitle "I"]
[BlackTitle "I"]
[WhiteElo "1560"]
[BlackElo "1898"]

1. e4 c5 2. Nf3 d6 3. d4 cxd4 4. Nxd4 Nf6 5. Nc3 a6 6. Be2 e6 7. O-O Be7 8. f4
Qc7 9. Kh1 b5 10. a3 Bb7 11. Bf3 Nbd7 12. Qe1 Nc5 13. e5 dxe5 14. fxe5 Nfd7 15.
Bxb7 Nxb7 16. Nf3 O-O 17. Qg3 Kh8 18. Bg5 Nb6 19. Bxe7 Qxe7 20. Ne4 Nc4 21. Rab1
Ne3 22. Rf2 Rac8 23. c3 Nf5 24. Qh3 Nc5 25. Nfg5 h6 26. g4 Nxe4 27. Nxe4 Qb7 28.
Re1 Rc4 29. Rf4 Ne7 30. g5 Ng6 31. Rg4 Nxe5 32. gxh6 g6 33. Rh4 f5 34. Qg3 Qd5
35. Qf2 Rf7 36. Qg2 Rxe4 37. Rexe4 fxe4 38. Qxe4 Qd1+ 39. Kg2 Qf1+ 0-1

[Event "Druzynowe Mistrzostwa Polski Juniorow 2018 - II Liga"]
[Site "Szczyrk"]
[Date "1899-12-30"]
[Round "5.28"]
[White "Radoch, Filip"]
[Black "Straczek, Wiktoria"]
[Result "0-1"]
[WhiteTitle "II"]
[BlackTitle "II+"]
[WhiteElo "1128"]
[BlackElo "1240"]

1. c4 e5 2. Nc3 Nc6 3. g3 Nf6 4. Bg2 Bb4 5. e3 Bxc3 6. bxc3 d6 7. Ne2 Be6 8. d3
O-O 9. Rb1 Rb8 10. O-O Qd7 11. Re1 Bh3 12. Bh1 h6 13. d4 Qf5 14. Ba3 Ne4 15. f3
Nxc3 16. Nxc3 exd4 17. exd4 Qa5 18. Bb2 Ne5 19. dxe5 Qc5+ 0-1

[Event "Druzynowe Mistrzostwa Polski Juniorow 2018 - II Liga"]
[Site "Szczyrk"]
[Date "1899-12-30"]
[Round "5.29"]
[White "Pyzio, Amelia"]
[Black "Waligora, Julia"]
[Result "1-0"]
[WhiteTitle "I++"]
[BlackTitle "I"]
[WhiteElo "1679"]
[BlackElo "1424"]

1. e4 e6 2. d4 d5 3. exd5 exd5 4. c4 Nf6 5. Nc3 c6 6. Nf3 Be7 7. Bd3 dxc4 8. Bxc4
Nbd7 9. O-O O-O 10. Bb3 Nb6 11. Qd3 h6 12. Re1 Bd6 13. Bc2 Be6 14. b3 Re8 15.
Bd2 Qc7 16. h3 Rad8 17. Rac1 Nbd5 18. Nxd5 Bxd5 19. Qf5 Be6 20. Qd3 Qd7 21. Bb1
Bd5 22. Qc3 Be4 23. Bxe4 Nxe4 24. Qc2 Nxd2 25. Qxd2 Bc7 26. Rxe8+ Rxe8 27. Re1
Rd8 28. Qb4 Bd6 29. Qc4 g6 30. Kf1 a5 31. Qc1 Bf8 32. Qe3 Bg7 33. Rd1 Qd6 34.
Qe2 b5 35. Qe1 Qc7 36. Qe2 Qb6 37. Qe4 b4 38. Kg1 Qb5 39. Rc1 Rc8 40. d5 c5 41.
Rc4 Kh7 42. Qe7 Kg8 43. d6 Bf8 44. d7 Rc7 45. Qxf8+ Kxf8 46. Qd8+ Qe8 47. Qxc7
a4 48. Qxc5+ Kg7 49. Qe5+ Qxe5 50. Nxe5 axb3 51. axb3 g5 52. Rxb4 Kf6 53. Nf3
Ke6 54. Rc4 1-0

[Event "Druzynowe Mistrzostwa Polski Juniorow 2018 - II Liga"]
[Site "Szczyrk"]
[Date "1899-12-30"]
[Round "5.30"]
[White "Malek, Sophie"]
[Black "Mucha, Marta"]
[Result "0-1"]
[WhiteTitle "III"]
[BlackTitle "I+"]
[WhiteElo "1000"]
[BlackElo "1432"]

1. e4 d5 2. exd5 Qxd5 3. Nc3 Qd6 4. d4 Nf6 5. Nf3 c6 6. g3 Bf5 7. Bf4 Qd8 8. Bg2
e6 9. O-O Be7 10. Ne2 O-O 11. c4 Nbd7 12. Ne5 Nxe5 13. dxe5 Ne4 14. Nd4 Bg6 15.
Re1 Nc5 16. b4 Nd3 17. Rf1 Qxd4 18. b5 Qxc4 19. bxc6 bxc6 20. Rb1 Nxf4 21. gxf4
Bxb1 22. Qxb1 Qxf4 23. Bxc6 Rab8 24. Qe1 Rb4 25. a3 Qg4+ 26. Kh1 Rf4 27. Rg1 Qh4
28. Rg2 Bc5 29. Qf1 Bxf2 30. Qd1 Rc4 31. Bb5 Re4 32. Bd3 Re1+ 33. Qxe1 Bxe1 34.
Rg1 Rd8 35. Be2 Qe4+ 36. Rg2 Rd2 37. h3 Rxe2 38. h4 Qxg2# 0-1

[Event "Druzynowe Mistrzostwa Polski Juniorow 2018 - II Liga"]
[Site "Szczyrk"]
[Date "1899-12-30"]
[Round "5.31"]
[White "Kawalko, Adam"]
[Black "Laszczak, Przemyslaw"]
[Result "1-0"]
[WhiteTitle "I"]
[BlackTitle "k"]
[WhiteElo "1751"]
[BlackElo "1990"]

1. e4 c5 2. Nf3 d6 3. d4 cxd4 4. Nxd4 Nf6 5. Nc3 g6 6. Be3 Bg7 7. f3 O-O 8. Qd2
Nc6 9. O-O-O Bd7 10. Nb3 Re8 11. Bh6 Bh8 12. h4 a5 13. a4 Rc8 14. h5 Nb4 15. hxg6
fxg6 16. Kb1 d5 17. e5 Bf5 18. Nd4 Bd7 19. exf6 e5 20. Ndb5 Bf5 21. Bd3 Bxd3 22.
cxd3 d4 23. Ne4 Qd5 24. b3 Qxb3+ 25. Qb2 Qxb2+ 26. Kxb2 Rc2+ 27. Kb1 Re6 28. f7+
Kxf7 29. Ng5+ Ke7 30. Nxe6 Kxe6 31. Rd2 Rc6 32. Bf8 Nd5 33. Rxh7 Bf6 34. Rxb7
Bg5 35. Rc2 Rxc2 36. Kxc2 Ne3+ 37. Kb3 Nxg2 38. Rb6+ Kf5 39. Nd6+ Kf4 40. Ne4
Bh4 41. Rxg6 Kxf3 42. Bh6 Ne1 43. Kc4 Ke2 44. Bg5 Bxg5 45. Rxg5 Nf3 46. Rg2+ Ke3
47. Rg3 Kf4 48. Rxf3+ Kxf3 49. Kb5 Ke3 50. Nc5 e4 51. dxe4 d3 52. Nxd3 Kxe4 53.
Kxa5 1-0

[Event "Druzynowe Mistrzostwa Polski Juniorow 2018 - II Liga"]
[Site "Szczyrk"]
[Date "1899-12-30"]
[Round "5.32"]
[White "Trybus, Daniel"]
[Black "Dytman, Radoslaw"]
[Result "0-1"]
[WhiteTitle "I+"]
[BlackTitle "I"]
[WhiteElo "1793"]
[BlackElo "1728"]

1. d4 Nf6 2. Nf3 g6 3. c4 Bg7 4. Nc3 d6 5. Bg5 Nbd7 6. e3 O-O 7. Be2 c5 8. O-O
a6 9. d5 Qc7 10. Qc2 Re8 11. Rad1 Nb6 12. e4 Bg4 13. Qd3 Nfd7 14. b3 Bxf3 15.
Qxf3 Bd4 16. Kh1 e6 17. Rde1 exd5 18. exd5 Re5 19. Bd2 Rae8 20. Nd1 f5 21. Ne3
R5e7 22. Nc2 Bg7 23. Bd1 Nf6 24. Ba5 Rxe1 25. Nxe1 Qe7 26. Nd3 Nbd7 27. Nf4 Nf8
28. h4 Ne4 29. g3 Qf7 30. Kg2 Be5 31. Bc2 Nd7 32. Ne6 Ndf6 33. a3 h6 34. Bb6 Nd2
35. Qe2 Nxf1 36. Kxf1 Nd7 37. Ba5 Nf8 38. Nxf8 Qxf8 39. Qf3 Qf6 40. Bd2 Kg7 41.
h5 Rf8 42. Qe3 g5 43. Qd3 g4 44. Qe3 Rh8 45. Qd3 Rf8 46. Qe3 Kh7 47. b4 b6 48.
bxc5 bxc5 49. Qb3 Qf7 50. Qb6 Qxh5 51. Qxa6 Qh1+ 52. Ke2 Qf3+ 53. Ke1 Bd4 54.
Qb7+ Kg6 55. Bf4 Re8+ 56. Kd2 Qc3+ 57. Kc1 Re1# 0-1

[Event "Druzynowe Mistrzostwa Polski Juniorow 2018 - II Liga"]
[Site "Szczyrk"]
[Date "1899-12-30"]
[Round "5.33"]
[White "Nowak, Filip"]
[Black "Syrkiewicz, Michal"]
[Result "1-0"]
[WhiteTitle "II+"]
[BlackTitle "II+"]
[WhiteElo "1595"]
[BlackElo "1799"]

1. e4 c5 2. Nf3 e6 3. d4 cxd4 4. Nxd4 a6 5. Nc3 b5 6. Bd3 Bb7 7. O-O d6 8. Kh1
Nf6 9. Re1 Be7 10. f4 Nbd7 11. Bd2 Qc7 12. Qe2 Nc5 13. e5 dxe5 14. fxe5 Nd5 15.
Qg4 Nxc3 16. Bxc3 O-O-O 17. a4 h5 18. Qf4 bxa4 19. Qe3 Kb8 20. Rf1 Rdf8 21. Bb4
Nxd3 22. Bxe7 Qxe7 23. Qxd3 h4 24. h3 Qg5 25. Nf3 Qe7 26. Rxa4 Rd8 27. Qb3 Ka7
28. Qe3+ Kb8 29. Qb6 Ka8 30. Rfa1 Rd7 31. Nd4 Rc8 32. Nb5 Bxg2+ 33. Kh2 Ra7 34.
Rxa6 1-0

[Event "Druzynowe Mistrzostwa Polski Juniorow 2018 - II Liga"]
[Site "Szczyrk"]
[Date "1899-12-30"]
[Round "5.34"]
[White "Czarnomski, Dominik"]
[Black "Madajczak, Piotr"]
[Result "1-0"]
[WhiteTitle "II+"]
[BlackTitle "I"]
[WhiteElo "1454"]
[BlackElo "1630"]

1. d4 f5 2. Bg5 g6 3. Nc3 Bg7 4. e4 fxe4 5. Nxe4 Nf6 6. Nxf6+ exf6 7. Be3 O-O 8.
Qd2 f5 9. O-O-O Qf6 10. Bc4+ Kh8 11. Bh6 c6 12. Bxg7+ Qxg7 13. h4 h6 14. d5 c5
15. d6 Nc6 16. Re1 b6 17. Bd5 Bb7 18. Bxc6 Bxc6 19. Re7 Rf7 20. Rxf7 Qxf7 21.
Qxh6+ Qh7 22. Qg5 Kg7 23. h5 Qh6 24. Qxh6+ Kxh6 25. hxg6+ Kxg6 26. Nf3 Bxf3 27.
gxf3 Re8 28. c4 Re6 29. Rd1 Kf6 30. Rd2 Ke5 31. Rd5+ Kf4 32. Kd2 Kxf3 33. Rxf5+
Kg2 34. Rf8 Rxd6+ 35. Ke2 Re6+ 36. Kd2 Rd6+ 37. Ke3 Re6+ 38. Kd2 Rd6+ 39. Kc3
Kh3 40. b4 Kg4 41. Ra8 Kf3 42. bxc5 bxc5 43. Rxa7 Kxf2 44. Rc7 Ke3 45. Rxc5 Rd1
46. Re5+ Kf4 47. Rd5 Rc1+ 48. Kb4 Rb1+ 49. Kc5 Ra1 50. Rxd7 Rxa2 51. Re7 Ra5+
52. Kb6 Ra1 53. c5 Rb1+ 54. Kc7 Rc1 55. c6 Kf5 56. Kb7 Kf6 57. Re2 Kf7 58. Rb2
Ke7 59. c7 Kd7 60. Rd2+ Ke7 61. Qc8 Rb1+ 62. Ka6 Ra1+ 63. Kb5 Rb1+ 64. Ka4 1-0

[Event "Druzynowe Mistrzostwa Polski Juniorow 2018 - II Liga"]
[Site "Szczyrk"]
[Date "1899-12-30"]
[Round "5.35"]
[White "Krzyzosiak, Anna"]
[Black "Nowacka, Dorota"]
[Result "1/2-1/2"]
[WhiteTitle "I+"]
[BlackTitle "I"]
[WhiteElo "1552"]
[BlackElo "1279"]

1. e4 e6 2. d4 d5 3. Nd2 Nf6 4. e5 Nfd7 5. Bd3 c5 6. c3 Nc6 7. Ne2 cxd4 8. cxd4
f6 9. exf6 Nxf6 10. O-O Bd6 11. Nf3 O-O 12. Bf4 Bxf4 13. Nxf4 Ne4 14. Qc1 Qf6
15. Ne2 Bd7 16. Qe3 Be8 17. Ng3 Nxg3 18. fxg3 h6 19. Ne5 Qe7 20. Rxf8+ Kxf8 21.
Bh7 Nxe5 22. Qxe5 Bb5 23. Re1 Rc8 24. Bf5 Bd7 25. Bh7 Bb5 26. b3 Qf6 27. Qd6+
Kf7 28. a4 Qxd4+ 29. Kh1 Qe3 30. Rf1+ Bxf1 31. Qd7+ Kf6 32. Qxc8 Ke5 33. Qb8+
Kf6 34. Qf8+ Ke5 35. Qxf1 Kd4 36. Qa1+ Kc5 37. Qa3+ Kc6 38. h3 Qxg3 39. Qc1+ Kd6
40. Qa3+ Kc6 41. Qc1+ Kd6 42. b4 Qf2 43. Qc3 e5 44. Qf3 Qh4 45. Qf8+ Qe7 46. Qb8+
Kc6 47. Qc8+ Kb6 48. Qc3 Qd6 49. Bd3 a6 50. b5 axb5 51. Bxb5 d4 52. Qd3 Qc5 53.
Qg6+ Ka5 54. Qd3 Qc1+ 55. Kh2 Qf4+ 56. Kg1 Qc1+ 57. Kf2 Qb2+ 58. Kf1 Qc1+ 59.
Ke2 Kb4 60. Qd2+ Qxd2+ 61. Kxd2 e4 62. g3 g5 63. Kc2 Ka3 64. a5 1/2-1/2

[Event "Druzynowe Mistrzostwa Polski Juniorow 2018 - II Liga"]
[Site "Szczyrk"]
[Date "1899-12-30"]
[Round "5.36"]
[White "Ziolo, Oliwia"]
[Black "Krzyzosiak, Marta"]
[Result "0-1"]
[WhiteTitle "I"]
[BlackTitle "I"]
[WhiteElo "1130"]
[BlackElo "1579"]

1. e4 e5 2. Nf3 Nc6 3. Nc3 Bc5 4. Bc4 Nf6 5. O-O O-O 6. d3 h6 7. Bd2 d6 8. h3 Be6
9. Nd5 Bxd5 10. Bxd5 Nxd5 11. exd5 Ne7 12. c4 a5 13. Qe1 Nf5 14. Bxa5 Ng3 15.
b4 Ba7 16. b5 Nxf1 17. Kxf1 Bc5 18. Bd2 f5 19. a4 Qe8 20. Be3 Bxe3 21. Qxe3 Qf7
22. Ra2 b6 23. Kg1 Rae8 24. Nh2 Qh5 25. Ra1 e4 26. dxe4 Rxe4 27. Qd3 Rfe8 28.
Nf3 f4 29. a5 bxa5 30. Rxa5 Qg6 31. Qb3 Kh7 32. Ra6 Re2 33. Nd4 Re1+ 34. Kh2 Rb1
35. Qc2 Qxc2 36. Nxc2 Rc1 37. Na3 Ree1 38. g4 Rg1 39. b6 f3 40. h4 Rg2+ 0-1